Economic views of Ibn Taimiyah (Record no. 13121)

MARC details
000 -LEADER
fixed length control field 00414nam a2200145Ia 4500
082 ## - DEWEY DECIMAL CLASSIFICATION NUMBER
Classification number TI.0032
100 ## - MAIN ENTRY--AUTHOR NAME
Personal name Islahi, Abdul Azim
245 #0 - TITLE STATEMENT
Title Economic views of Ibn Taimiyah
260 ## - PUBLICATION, DISTRIBUTION, ETC. (IMPRINT)
Year of publication 1980
Name of publisher Aligarh Muslim University
300 ## - PHYSICAL DESCRIPTION
Number of Pages 279p.
650 ## - SUBJECT ADDED ENTRY--TOPICAL TERM
Topical Term TAIMIYAH, IBN - VIEWS ON ECONOMICS
650 ## - SUBJECT ADDED ENTRY--TOPICAL TERM
Topical Term ECONOMICS///TAIMIYAH, IBN - VIEWS ON ECONOMICS
710 ## - ADDED ENTRY--CORPORATE NAME
Corporate name or jurisdiction name as entry element Siddiqi, Muhammad Nejatullah
942 ## - ADDED ENTRY ELEMENTS (KOHA)
Koha item type Thesis
Source of classification or shelving scheme Dewey Decimal Classification
Holdings
Withdrawn status Lost status Damaged status Not for loan Home library Current library Date acquired Bill Date Full call number Accession Number Price effective from Koha item type
        NASSDOC Library NASSDOC Library 08/10/2004 2008-12-30 TI.0032 33040 18/04/2019 Thesis